| 000 | 00591nam a2200241 a 4500 | ||
|---|---|---|---|
| 001 | nice12345678 | ||
| 003 | IN_TiNIC | ||
| 005 | 20260116011334.0 | ||
| 008 | 050524s1899 teha grp 000 0 per | ||
| 020 |
_a _c100 |
||
| 082 | 0 | 0 |
_a891.51 _bAUH |
| 100 | _aAuhadi, Sk Auhaduddin | ||
| 245 | _aJaam-E-Jam Auhadi | ||
| 260 |
_aTehran _bFirdoosi Press _c1899 |
||
| 300 | _a264p | ||
| 500 | _aincludes index and biblioraphy | ||
| 505 | 2 | _aIndex, 145p | |
| 650 | _aPersian Poetry-Hairat Badayuni | ||
| 700 | 1 | _aAuhadi, Sk Auhaduddin | |
| 902 | _bSRS | ||
| 942 | _cBK | ||
| 999 |
_c642 _d642 |
||